Statistisches Jahrbuch 1990 für die Bundesrepublik Deutschland

Guardado en:
Detalles Bibliográficos
Formato: Libro
Lenguaje:alemán
Publicado: Stuttgart Metzler 1990
Edición:1. Aufl.
Etiquetas: Agregar Etiqueta
Sin Etiquetas, Sea el primero en etiquetar este registro!

MARC

LEADER 00000nam a2200000 4500
001 c021989
005 20221215124845.9
041 0 |a ger 
044 |a DE 
245 1 0 |a Statistisches Jahrbuch 1990 für die Bundesrepublik Deutschland 
250 |a 1. Aufl. 
264 1 |a Stuttgart  |b Metzler  |c 1990 
300 |a 740 s.